00865nam a22002177a 4500003000500000005001700005008004100022010001100063011001100074020001800085035001100103040000900114082001900123245030600142260003600448300002700484650002400511650001900535650003100554700006200585CHAP20220329143912.0120705s2011 mx r 00010 spa d a103499 a104471 a9786071202079 a115161 cCHAP04a635.93415bA6100aAnálisis del diagnóstico de la familia orchidaceae en México :b(con énfasis en los géneros Stnhopea y Rynchostele y en la especies Posthechea citrina, Posthechena, vitellina, Ecyclia adenocaula, Lelia speciosa, Lelia gouldianac/compilado por María de los Ángles Aída Téllez Velasco aChapingo, Méx. :bUACH,c2011 a169 p. :bilus., mapas14aMonocotiledóneas.14aOrquidáceas.14aOrquidáceasxVariedades.1 aTéllez Velasco, María de los Ángles Aídae, comp.